4 to 13 letters quiz # J - Statistics

General Stats
  • This quiz has been taken 40 times
  • The average score is 7 of 10
Answer Stats
Hint Answer # of Letters % Correct
Bob Marley's birth country Jamaica 7
100%
Capital city of Israel Jerusalem 9
100%
G7 member country Japan 5
92%
World's most populated island Java 4
86%
Largest South African city Johannesburg 12
81%
Capital of Alaska Juneau 6
76%
New Jersey's second most populated city (two words) Jersey City 10
57%
Capital of the 'Show Me State' (two words) Jefferson City 13
41%
Site where Jesus was baptized by John the Baptist (two words) Jordan River 11
38%
Volcanic island and part of Norway (two words) Jan Mayen 8
11%
No matching quizzes found
Score Distribution
Percent of People with Each Score
Percentile by Number Answered
Your Score History
You have not taken this quiz